Notes complementaires sur la faune eocenique de l'Alabama /

Bibliographic Details
Main Author: Cossmann, M. (Maurice), 1850-1924
Other Authors: De Gregorio, Antonio, marchese, 1855-1930
Format: Book
Language:French
Published: Palerme : Clausen, 1893.
Series:Annales de géologie et de paléontologie ; livr. 12.
Subjects:

MARC

Tag First Indicator Second Indicator Subfields
LEADER 00000cam a2200000 4500
001 in00000043099
005 20151007070840.0
008 800602s1893 it f 00010 fre d
035 |a (OCoLC)06380027 
035 |9 AAE4840AM 
040 |a TXA  |c TXA  |d UtOrBLW 
049 |a TXAM  |c [45026] 
090 |a QE1  |b .A467 no. 12 1893 
090 |a QE1  |b .A57 livr.12 
092 |a 560.9761  |b G821m, Sup. 
100 1 |a Cossmann, M.  |q (Maurice),  |d 1850-1924. 
245 1 0 |a Notes complementaires sur la faune eocenique de l'Alabama /  |c par Maurice Cossmann. 
264 1 |a Palerme :  |b Clausen,  |c 1893. 
300 |a 51 pages :  |b 2 plates. 
336 |a text  |b txt  |2 rdacontent 
337 |a unmediated  |b n  |2 rdamedia 
338 |a volume  |b nc  |2 rdacarrier 
490 1 |a Annales de geologie et de paleontologie, Livr. 12 
500 |a " ... Completant ou rectifiant l'importante Monographie ... [de] M. de Gregorio." 
650 0 |a Paleontology  |z Alabama. 
650 0 |a Paleontology  |y Eocene. 
700 1 |a De Gregorio, Antonio,  |c marchese,  |d 1855-1930. 
830 0 |a Annales de géologie et de paléontologie ;  |v livr. 12. 
999 |a MARS 
999 f f |s 7a501df7-259b-3d6e-81e6-4905ae0b5927  |i 8e198d78-db84-37bf-bca3-91c5a072de3c  |t 0 
952 f f |p noncirc  |a Texas A&M University  |b College Station  |c Cushing Memorial Library & Archives  |d Cushing: Rare Books (Does not check out)  |t 0  |e QE1 .A57 livr.12  |f Oversize  |h Library of Congress classification  |i unmediated -- volume 
952 f f |p normal  |a Texas A&M University  |b College Station  |c Sterling C. Evans Library  |d Evans: Library Stacks  |t 0  |e QE1 .A467 no. 12 1893  |h Library of Congress classification  |i unmediated -- volume  |m A14800963506 
998 f f |a QE1 .A467 no. 12 1893  |t 0  |l Evans: Library Stacks 
998 f f |a QE1 .A57 livr.12  |t 0  |l Cushing: Rare Books (Does not check out)